Understanding linguistics : (Record no. 112904)

MARC details
000 -LEADER
campo de control de longitud fija 02612apm a2200421 4500
003 - IDENTIFICADOR DE NÚMERO DE CONTROL
campo de control BJBSDDR
005 - FECHA Y HORA DE LA ÚLTIMA TRANSACCIÓN
campo de control 20230411090128.0
007 - CAMPO FIJO DE DESCRIPCIÓN FÍSICA--INFORMACIÓN GENERAL
campo de control de longitud fija ta
008 - DATOS DE LONGITUD FIJA--INFORMACIÓN GENERAL
campo de control de longitud fija 190627s2008 vau||||| |||| 00| 0 eng d
020 ## - NÚMERO INTERNACIONAL ESTÁNDAR DEL LIBRO
Número Internacional Estándar del Libro 1598034774
020 ## - NÚMERO INTERNACIONAL ESTÁNDAR DEL LIBRO
Número Internacional Estándar del Libro 9781598034776
040 ## - FUENTE DE CATALOGACIÓN
Lengua de catalogación spa
Centro/agencia transcriptor BJBSDDR
041 ## - CÓDIGO DE IDIOMA
Código de lengua del texto/banda sonora o título independiente eng
050 ## - SIGNATURA TOPOGRÁFICA DE LA BIBLIOTECA DEL CONGRESO
Número de clasificación LB 14.6
Número de ítem M478u 2008
082 ## - NÚMERO DE LA CLASIFICACIÓN DECIMAL DEWEY
Número de clasificación 370
100 1# - ENTRADA PRINCIPAL--NOMBRE DE PERSONA
Nombre de persona McWhorter, John
Forma completa/desarrollada del nombre (John Hamilton),
Fechas asociadas al nombre 1965-
130 ## - ENTRADA PRINCIPAL--TÍTULO UNIFORME
Título uniforme The Great Courses
245 10 - MENCIÓN DEL TÍTULO
Título Understanding linguistics :
Resto del título the science of language /
Mención de responsabilidad, etc. John McWhorter
246 30 - FORMA VARIANTE DEL TITULO
Título propio/Titulo breve Science of language
260 ## - PUBLICACIÓN, DISTRIBUCIÓN, ETC.
Lugar de publicación, distribución, etc. Chantilly, Virginia :
Nombre del editor, distribuidor, etc. The Teaching Company,
Fecha de publicación, distribución, etc. 2008.
300 ## - DESCRIPCIÓN FÍSICA
Extensión 6 videodiscs (approximately 18 hr.) :
Otras características físicas sound, color ;
Dimensiones 4 3/4 in. +
Material acompañante/anejo 1 course guidebook (iv, 205 pages ; 19 cm).
440 ## - MENCIÓN DE SERIE/PUNTO DE ACCESO ADICIONAL--TÍTULO
Título Great courses (DVD).
Nombre de parte o sección de la obra Social sciences.
490 ## - MENCIÓN DE SERIE
Mención de serie The Great courses
500 ## - NOTA GENERAL
Nota general Course No. 2270<br/>Part 2 contains lectures 13-24 of set.
505 ## - NOTA DE CONTENIDO CON FORMATO
Nota de contenido con formato Part 1: Disc 1. Lecture 1. What is linguistics? ; Lecture 2. Sounds of language, consonants ; Lecture 3. Other sounds, vowels ; Lecture 4. In the head versus on the lips ; Lecture 5. How to make a word ; Lecture 6. Chomskyan Revolution --<br/>Disc 2. Lecture 7. Deep structure and surface structure ; Lecture 8. On-off switches of grammar ; Lecture 9. Shades of meaning semantic roles ; Lecture 10. From sentence to storytelling ; Lecture 11. Language on its way to becoming a new one ; Lecture 12. Recovering languages of the past. Part 2: Disc 3. Lecture 13. Where grammar comes from ; Lecture 14. Language change from old English to now ; Lecture 15. What is an impossible language ; Lecture 16. How children learn to speak ; Lecture 17. How we learn language as adults ; Lecture 18. How you talk and how they talk --<br/>Disc 4. Lecture 19. How class defines speech ; Lecture 20. Speaking differently, changing the language ; Lecture 21. Language and gender ; Lecture 22. Languages sharing the world --<br/>bilingualism ; Lecture 23. Languages sharing a sentence --<br/>code-switching ; Lecture 24. The rules of conversation,
520 ## - RESUMEN, ETC.
Sumario, etc. Presents lectures (each 30 minutes in length) by John McWhorter, Senior Fellow at the Manhattan Institute, based on his courses in Linguistics.
650 #0 - PUNTO DE ACCESO ADICIONAL DE MATERIA--TÉRMINO DE MATERIA
9 (RLIN) 6087
Término de materia o nombre geográfico como elemento de entrada Education.
650 #0 - PUNTO DE ACCESO ADICIONAL DE MATERIA--TÉRMINO DE MATERIA
9 (RLIN) 6088
Término de materia o nombre geográfico como elemento de entrada Teaching.
650 #4 - PUNTO DE ACCESO ADICIONAL DE MATERIA--TÉRMINO DE MATERIA
9 (RLIN) 1877
Término de materia o nombre geográfico como elemento de entrada Educación
650 #4 - PUNTO DE ACCESO ADICIONAL DE MATERIA--TÉRMINO DE MATERIA
9 (RLIN) 6089
Término de materia o nombre geográfico como elemento de entrada Enseñanza
650 #4 - PUNTO DE ACCESO ADICIONAL DE MATERIA--TÉRMINO DE MATERIA
9 (RLIN) 6308
Término de materia o nombre geográfico como elemento de entrada Lingüística
650 #4 - PUNTO DE ACCESO ADICIONAL DE MATERIA--TÉRMINO DE MATERIA
9 (RLIN) 5034
Término de materia o nombre geográfico como elemento de entrada Lenguaje y lenguas
Subdivisión general Enseñanza
650 #4 - PUNTO DE ACCESO ADICIONAL DE MATERIA--TÉRMINO DE MATERIA
9 (RLIN) 6309
Término de materia o nombre geográfico como elemento de entrada Linguística histórica
710 2# - ENTRADA AGREGADA--NOMBRE DE ENTIDAD CORPORATIVA
9 (RLIN) 6101
Nombre de entidad corporativa o nombre de jurisdicción como elemento de entrada Teaching Company
730 #2 - ASIENTO SECUNDARIO--TITULO UNIFORME
Título uniforme The Great Courses
9 (RLIN) 6091
830 ## - PUNTO DE ACCESO ADICIONAL DE SERIE-TÍTULO UNIFORME
Título uniforme The Great Courses
9 (RLIN) 6091
942 ## - ELEMENTOS DE ENTRADA SECUNDARIOS (KOHA)
Fuente del sistema de clasificación o colocación Clasificación de Library of Congress
Tipo de ítem Koha Libro
Holdings
Estatus retirado Estado de pérdida Estado de daño No para préstamo Colección Biblioteca de origen Biblioteca actual Ubicación en estantería Fecha de adquisición Signatura topográfica completa Código de barras Visto por última vez Copia número Tipo de ítem Koha
        Humanidades Biblioteca Juan Bosch Biblioteca Juan Bosch Humanidades (4to. Piso) 12/07/2019 LB 14.6 M478u 2008 Guide 00000136836 12/07/2019 1 Libro